00664nam a2200181 i 4500001000400000100001700004245009800021260006500119300003400184505002300218650003700241655004100278020000800319040000800327041000800335008004100343856009800384bgj1 aCURRY, Dean.10aDay by day :boral skills practice book for students at the intermediate level /cDean Curry. aWashington, D.C. :bUnited States Information Agency,c1991. aVIII, 67 pp :bill. ;c26 cm. aIncludes glossary. 9aEnglish languagexSpoken English aTextbook for foreigners intermediate apbk cBPK0 aeng s uk f |000 0 eng  uhttp://koha.tu.koszalin.pl/cgi-bin/koha/opac-detail.pl?biblionumber=41328yKatalog online BPK